Wordt geladen...
Bibilum Malayalavum
| Hoofdauteur: | |
|---|---|
| Formaat: | Printed Book |
| Taal: | Malayalam |
| Gepubliceerd in: |
D.C. Books, Kottayam
D.C. Books, Kottayam
1996
|
| LEADER | 00469nam a2200121Ia 4500 | ||
|---|---|---|---|
| 008 | 111204s9999 xx 000 0 mal d | ||
| 100 | |a Rosi thambi | ||
| 245 | |a Bibilum Malayalavum |c Rosi thambi | ||
| 260 | |b D.C. Books, Kottayam |a D.C. Books, Kottayam |c 1996 | ||
| 300 | |a 256 | ||
| 942 | |c BK | ||
| 999 | |c 207669 |d 207669 | ||
| 952 | |0 0 |1 0 |2 ddc |4 0 |6 850_900000000000000_ROS_B |7 0 |9 229676 |a MAL |b MAL |c ST1 |d 2011-12-05 |g 75.00 |l 12 |m 1 |o 850.9 ROS/B |p MAL24300 |r 2018-12-15 |s 2018-09-03 |v 75.00 |w 2011-12-05 |y BK | ||